000 00602nam a22002177a 4500
005 20220718102154.0
008 220718b ||||| |||| 00| 0 eng d
020 _a00768782
040 _cAloy
041 _aeng
082 _223
_a355.005
_bBARS
100 _aJayant Baranwal Ed
_950492
245 _aSPS military yearbook 2003-2004
260 _aNew Delhi:
_bGuide Publications,
_c2003
300 _aclxxvii,358p.
_bHB
_c27x22cm.
365 _2Military Science
650 _aMilitary Science
_950489
650 _aYear Book
_950490
700 _aBARANWAL (Jayanth) Ed
_950491
942 _2ddc
_cGF
999 _c223897
_d223897